Ako podnikať

Z obsahu: Korupcie neubúda. Vývoj korupcie na Slovensku. Etika. Efektívny predajca - predaj vo dvojici. Poradenstvo.

Gespeichert in:
Bibliographische Detailangaben
Format: Buchkapitel
Sprache:Slowakisch
Schlagworte:
Tags: Tag hinzufügen
Keine Tags, Fügen Sie das erste Tag hinzu!

MARC

LEADER 00000naa$a2200000$$$4500
001 0052955
005 20231009072855.5
041 0 |a slo 
044 |a SK 
245 1 0 |a Ako podnikať 
520 |a Z obsahu: Korupcie neubúda. Vývoj korupcie na Slovensku. Etika. Efektívny predajca - predaj vo dvojici. Poradenstvo. 
610 2 0 |a podnikanie 
610 2 0 |a korupcia 
610 2 0 |a etika 
610 2 0 |a predajcovia 
610 2 0 |a poradenstvo